Analýza vplyvu obnoviteľných zdrojov pripojených vo vn sieti na napätia v nn sieťach

Uložené v:
Podrobná bibliografia
Hlavný autor: Piskarov, Iaroslav (Autor)
Ďalší autori: Beláň, Anton (Vedúci práce)
Médium: Rukopis Kniha
Jazyk:Slovak
Vydavateľské údaje: 2017
Predmet:
On-line prístup:http://is.stuba.sk/zp/portal_zp.pl?podrobnosti=131250
Tagy: Pridať tag
Žiadne tagy, Buďte prvý, kto otaguje tento záznam!

MARC

LEADER 00000ntm a22000003a 4500
001 stuzp56831
003 SK-STU
005 20170703104521.5
007 ta
008 150427s2015----xo-----f-mn---000-0-slo-d
040 |a STU  |b slo 
041 0 |a slo 
044 |a xo 
100 1 |a Piskarov, Iaroslav  |u 032000  |4 aut  |U FEI Fakulta elektrotechniky a informatiky  |T FEI Ústav elektroenergetiky a aplikovanej elektrotechniky  |X 80869  |U E020  |Y 548  |7 80869 
242 0 1 |a Analysis of impacts of renewable energy sources, which is connected to medium voltage networks, on voltages in low voltage networks  |y eng 
245 1 0 |a Analýza vplyvu obnoviteľných zdrojov pripojených vo vn sieti na napätia v nn sieťach 
260 |c 2017 
300 |a 51 s., príl. 
650 4 |a Obnoviteľne zdroje energie  |2 slo 
650 4 |a Distribuovaná výroba elektrickej energie  |2 slo 
650 4 |a Vplyvy na sieťové napätie  |2 slo 
650 4 |a Graphic Load Flow – GLF  |2 slo 
650 4 |a Renewable energy sources  |2 eng 
650 4 |a Distributed energy generation  |2 eng 
650 4 |a Impacts on network voltage  |2 eng 
650 4 |a Graphic Load Flow – GLF  |2 eng 
700 1 |a Beláň, Anton  |u 032000  |k Z1  |4 ths  |U FEI Fakulta elektrotechniky a informatiky  |T FEI Ústav elektroenergetiky a aplikovanej elektrotechniky  |X 2032  |U E020  |Y 548  |7 A000002032 
856 4 |u http://is.stuba.sk/zp/portal_zp.pl?podrobnosti=131250 
996 |b 284EP11717  |c E*DIPL- 11717  |l EE32  |s P  |a 0  |w stuzp56831_0001